000 00827nam a2200253 a 4500
001 000024267
003 DO-SdBNP
005 20240229073821.0
008 110125s2006 dr 000 0 spa d
040 _aDO-SdBNP
_bspa
_cBNPHU
082 _a346.7293043
_bR426L, 2006
_222
110 1 _aRepública Dominicana
_bSuprema Corte de Justicia
_97906
240 1 0 _a[Leyes, etc.]
245 1 0 _aLey 108-05 de registro inmobiliario.
250 _a2a. ed.
260 _aSanto Domingo :
_bSCJ,
_c2006.
300 _a164 p. ;
_c23 cm.
590 _aInventariado, 2023/MFF
650 4 _aRegistro de propiedad
_zRepública Dominicana
_93033
650 4 _aBienes raíces
_xLegislación
_914523
_zRepública Dominicana
700 1 _aSubero Isa, Jorge A.,
_d1947-
_976863
910 _aValidado. Control de calidad MFF
942 _2ddc
_cLBS1
999 _c23761
_d23761